000 00414nam a22001697a 4500
005 20180717125629.0
008 160525b xxu||||| |||| 00| 0 eng d
020 _a9971-51-406-0
041 _aeng
082 _b4810
_a658.1511
100 _aJiambaluo, James
_91198
245 _aManagerial Accounting
260 _aNew Delhi
_bAcademic Faundation
300 _a397p,
650 _aManagement
_9241
942 _cBK
999 _c1640
_d1639